Anagrammes - Prénoms féminins - Série 08 - Statistiques

Statistiques générales
  • Ce quiz a été pris 215 fois
  • Le résultat moyen est 7 sur 10
Statistiques - réponses
Anagramme Prénom % Correct
ANDAMINE Amandine
90%
SIDEEN Denise
80%
INVOQUERE Veronique
80%
HEREDOTO Dorothée
79%
LAMINEE Melanie
70%
ATAIN Anita
69%
TERGOTEGE Georgette
67%
ETIGENT Ginette
57%
DELIGNERA Geraldine
53%
ELIERONS Roseline
46%
Aucun quiz correspondant
Distribution des résultats
% des personnes avec chaque résultat
Percentile par nombre de réponses
Votre historique - résultats
Vous n’avez pas pris ce quiz